Educational Development and Reform in Bangladesh / (Record no. 31383)

MARC details
000 -LEADER
fixed length control field 01059nam a22001817a 4500
003 - CONTROL NUMBER IDENTIFIER
control field BDDh-ASL
005 - DATE AND TIME OF LATEST TRANSACTION
control field 20231015031250.0
008 - FIXED-LENGTH DATA ELEMENTS--GENERAL INFORMATION
fixed length control field 230326s1978 no ||||| |||| 00| 0 eng d
040 ## - CATALOGING SOURCE
Original cataloging agency BDDh-ASL
Transcribing agency BDDh-ASL
041 ## - LANGUAGE CODE
Language code of text/sound track or separate title eng
082 ## - DEWEY DECIMAL CLASSIFICATION NUMBER
Classification number 370
Item number HUE
100 1# - MAIN ENTRY--PERSONAL NAME
Personal name Husain, A.F.A.
9 (RLIN) 3095
245 10 - TITLE STATEMENT
Title Educational Development and Reform in Bangladesh /
Statement of responsibility, etc. by A.F.A. Husain
260 ## - PUBLICATION, DISTRIBUTION, ETC.
Place of publication, distribution, etc. Bergen, Norway :
Name of publisher, distributor, etc. DERAP Working Paper,
Date of publication, distribution, etc. 1978.
300 ## - PHYSICAL DESCRIPTION
Extent 174-276 p. :
Dimensions 30 cm.
650 #0 - SUBJECT ADDED ENTRY--TOPICAL TERM
Topical term or geographic name entry element শিক্ষা, Education, Education system, শিক্ষা ব্যবস্থা, Śikṣā byabasthā, Higher Education, উচ্চ শিক্ষা, Ucca śikṣā, উন্নত শিক্ষা, Unnata śikṣā, Advanced education, প্রাথমিক শিক্ষা, Prāthamika śikṣā, Primary education, উচ্চ মাধ্যমিক শিক্ষা, Ucca mādhyamika śikṣā, Higher secondary education, মাধ্যমিক শিক্ষা, Mādhyamika śikṣā, Secondary Education
9 (RLIN) 5904
942 ## - ADDED ENTRY ELEMENTS (KOHA)
Source of classification or shelving scheme Dewey Decimal Classification
Koha item type Books
Holdings
Withdrawn status Lost status Source of classification or shelving scheme Damaged status Not for loan Collection code Home library Current library Shelving location Date acquired Source of acquisition Total Checkouts Full call number Barcode Date last seen Copy number Price effective from Koha item type Public note
    Dewey Decimal Classification     Non-fiction Asiatic Society Library Asiatic Society Library General Stacks 03/26/2023 ASB Library Collections   370 HUE 120030 03/26/2023 C-1 03/26/2023 Books Y-1978
    Dewey Decimal Classification     Non-fiction Asiatic Society Library Asiatic Society Library General Stacks 03/26/2023 ASB Library Collections   370 HUE 120049 03/26/2023 C-1 03/26/2023 Books Y-1978

Powered by Koha